[Event "Groningen 2009 - Open A"]
[Site "Groningen NED"]
[Date "2009.12.30"]
[Round "9.17"]
[White "Afek, Yochanan"]
[Black "Haast, Anne"]
[Result "1/2-1/2"]
[WhiteElo "2285"]
[BlackElo "2251"]
[PlyCount "55"]
[EventDate "2009.12.21"]
[EventType "swiss"]
[EventRounds "9"]
[EventCountry "NED"]
[Source "lmi"]
[SourceDate "2009.12.21"]

1. Nf3 Nf6 2. c4 g6 3. g3 Bg7 4. Bg2 O-O 5. O-O d6 6. Nc3 e5 7. d4 Nc6 8. h3
Nh5 9. Be3 f5 10. dxe5 dxe5 11. Qxd8 Nxd8 12. Nd5 Ne6 13. Ng5 f4 14. Nxe6 Bxe6
15. Nxc7 Bxc4 16. Nxa8 fxe3 17. Bxb7 Bxe2 18. Bd5+ Kh8 19. fxe3 Rxf1+ 20. Rxf1
Bxf1 21. Kxf1 Nxg3+ 22. Kf2 Nf5 23. Nc7 Bh6 24. e4 Nd4 25. Ke1 Bc1 26. b3 h5
27. Ne6 Nxe6 28. Bxe6 1/2-1/2

[Event "Groningen 2009 - Open A"]
[Site "Groningen NED"]
[Date "2009.12.30"]
[Round "9.18"]
[White "Paulet, Iozefina"]
[Black "Genova, Lyubka"]
[Result "1-0"]
[WhiteElo "2312"]
[BlackElo "2263"]
[PlyCount "113"]
[EventDate "2009.12.21"]
[EventType "swiss"]
[EventRounds "9"]
[EventCountry "NED"]
[Source "lmi"]
[SourceDate "2009.12.21"]

1. e4 c5 2. Nc3 e6 3. Nf3 Nc6 4. d4 cxd4 5. Nxd4 Qc7 6. Be3 a6 7. Be2 Nf6 8.
O-O Bb4 9. Na4 Bd6 10. g3 b5 11. Nb6 Rb8 12. Nxc6 Qxc6 13. Nxc8 Rxc8 14. c4 b4
15. Bd3 e5 16. c5 Be7 17. a3 b3 18. Qxb3 Nxe4 19. Rfe1 Nf6 20. Bg5 O-O 21. Rxe5
Bxc5 22. Qd1 h6 23. Be3 d6 24. Rf5 Bxe3 25. fxe3 d5 26. Qe2 a5 27. Raf1 Ne8 28.
Bb1 Qe6 29. Qd3 g6 30. Rxd5 a4 31. Rd4 Ng7 32. Rxa4 Nf5 33. Re4 Qb6 34. Rxf5
gxf5 35. Rb4 Rc1+ 36. Kg2 Qc6+ 37. Kh3 Qe6 38. Rf4 Rfc8 39. a4 Rh1 40. b4 Rhc1
41. b5 Re1 42. a5 Rxe3 43. Qxf5 Rb3 44. Qxe6 fxe6 45. Ba2 Re3 46. b6 Rc2 47. b7
Rb2 48. a6 Ra3 49. Bxe6+ Kg7 50. Bc4 Ra5 51. Rg4+ Kf6 52. Rg8 Rh5+ 53. Kg4 Rc5
54. Rf8+ Ke7 55. Rc8 Rg5+ 56. Kf3 Rf5+ 57. Ke4 1-0

[Event "Groningen 2009 - Open A"]
[Site "Groningen NED"]
[Date "2009.12.30"]
[Round "9.19"]
[White "Piasetski, Leon"]
[Black "Burg, Twan"]
[Result "1/2-1/2"]
[WhiteElo "2269"]
[BlackElo "2460"]
[PlyCount "159"]
[EventDate "2009.12.21"]
[EventType "swiss"]
[EventRounds "9"]
[EventCountry "NED"]
[Source "lmi"]
[SourceDate "2009.12.21"]

1. Nf3 d5 2. c4 c6 3. e3 Nf6 4. d4 Bf5 5. Nc3 e6 6. Nh4 Bg6 7. Nxg6 hxg6 8. g3
Nbd7 9. Qb3 Qc7 10. Bg2 Nb6 11. cxd5 exd5 12. e4 dxe4 13. Nxe4 Nxe4 14. Bxe4
O-O-O 15. Be3 Nd5 16. O-O-O Be7 17. Kb1 Qd7 18. Bc1 Bf6 19. h4 Rhe8 20. f3 Kb8
21. h5 gxh5 22. Rxh5 g6 23. Rh7 Re7 24. g4 Rh8 25. Rxh8+ Bxh8 26. g5 Bg7 27. a3
Re8 28. Rh1 Rh8 29. Rxh8+ Bxh8 30. Qd3 Bg7 31. f4 Ne7 32. Be3 Qe6 33. Bf2 a6
34. Be1 Qd7 35. Bb4 Nd5 36. Bd2 Qg4 37. f5 gxf5 38. Bxf5 Qg1+ 39. Ka2 Bxd4 40.
g6 fxg6 41. Bxg6 Bf6 42. Be4 Qb6 43. Bc1 Qc5 44. Bd2 Be5 45. Bf3 Qb6 46. Qb3
Qd4 47. Bc1 Kc7 48. Qc2 Kb8 49. Qe4 Qxe4 50. Bxe4 Nb6 51. Kb3 Nd7 52. Be3 Kc7
53. Kc2 a5 54. b3 Nf6 55. Bf3 Ne8 56. Bd2 b6 57. Kd3 Bb2 58. Bf4+ Kb7 59. a4
Ng7 60. Bg4 Bf6 61. Kc4 Bb2 62. b4 axb4 63. Kxb4 Bf6 64. Kc4 Ba1 65. Kb3 Ne8
66. Kc4 Nf6 67. Bf3 Nd7 68. Bg4 Nc5 69. a5 Na4 70. axb6 Nxb6+ 71. Kb3 c5 72.
Bf3+ Ka6 73. Bc6 Bd4 74. Bc7 c4+ 75. Kb4 c3 76. Kb3 Ka5 77. Bd6 Ka6 78. Bb4 Nc8
79. Bxc3 Bxc3 80. Kxc3 1/2-1/2

[Event "Groningen 2009 - Open A"]
[Site "Groningen NED"]
[Date "2009.12.30"]
[Round "9.20"]
[White "Warmelink, Evie"]
[Black "Bijlsma, Nick"]
[Result "0-1"]
[WhiteElo "1970"]
[BlackElo "2075"]
[PlyCount "36"]
[EventDate "2009.12.21"]
[EventType "swiss"]
[EventRounds "9"]
[EventCountry "NED"]
[Source "lmi"]
[SourceDate "2009.12.21"]

1. e4 c5 2. Nc3 Nc6 3. g3 g6 4. Bg2 Bg7 5. d3 d6 6. f4 f5 7. Nf3 Nf6 8. O-O O-O
9. h3 Nh5 10. Kh2 e5 11. fxe5 f4 12. exd6 Nxg3 13. Re1 Qxd6 14. Ne2 g5 15. Nxg3
fxg3+ 16. Kg1 g4 17. e5 Qg6 18. hxg4 Bxg4 0-1

[Event "Groningen 2009 - Open A"]
[Site "Groningen NED"]
[Date "2009.12.30"]
[Round "9.21"]
[White "Hoeksema, Erik"]
[Black "Mostertman, Milan"]
[Result "1-0"]
[WhiteElo "2331"]
[BlackElo "2169"]
[PlyCount "125"]
[EventDate "2009.12.21"]
[EventType "swiss"]
[EventRounds "9"]
[EventCountry "NED"]
[Source "lmi"]
[SourceDate "2009.12.21"]

1. Nf3 Nf6 2. c4 c6 3. Nc3 d5 4. e3 g6 5. d4 Bg7 6. Bd3 a6 7. O-O O-O 8. a4 Bg4
9. h3 Bxf3 10. Qxf3 dxc4 11. Bxc4 Nbd7 12. a5 Qc7 13. Rd1 Rad8 14. Bd2 Rfe8 15.
Qe2 e5 16. dxe5 Nxe5 17. Bb3 Nd3 18. Ra2 Rd7 19. e4 Qe5 20. Be3 Nf4 21. Qf3 Nd3
22. Bc4 Nc5 23. Rxd7 Ncxd7 24. Qd1 Qe7 25. Qb3 Ne5 26. Be2 Qe6 27. Qxe6 Rxe6
28. f4 Ned7 29. Bc4 Re8 30. e5 Nd5 31. Nxd5 cxd5 32. Bb3 Bh6 33. Bxd5 Nxe5 34.
Bxb7 Nd3 35. Bd2 Re2 36. Bc3 Bxf4 37. Bxa6 Be3+ 38. Kh1 Nf2+ 39. Kh2 Rc2 40.
Ra4 g5 41. Kg3 f5 42. Kf3 Nd1 43. Be2 Nxc3 44. bxc3 Rxc3 45. Bc4+ Kg7 46. Ke2
Bc5 47. Bd3 Ra3 48. Rxa3 Bxa3 49. Bxf5 h5 50. Kd3 Kf6 51. Ke4 Bc5 52. Kd5 Be3
53. Bc8 Bf2 54. a6 Be3 55. Bd7 Bf2 56. Kc6 Ke5 57. Be8 g4 58. hxg4 h4 59. g5
Kf5 60. g6 Kf6 61. Kb7 h3 62. gxh3 Ke7 63. g7 1-0

[Event "Groningen 2009 - Open A"]
[Site "Groningen NED"]
[Date "2009.12.30"]
[Round "9.22"]
[White "Efroimski, Marsel"]
[Black "Nabuurs, Joep"]
[Result "0-1"]
[WhiteElo "2150"]
[BlackElo "2191"]
[PlyCount "104"]
[EventDate "2009.12.21"]
[EventType "swiss"]
[EventRounds "9"]
[EventCountry "NED"]
[Source "lmi"]
[SourceDate "2009.12.21"]

1. e4 c5 2. Nf3 d6 3. d4 cxd4 4. Nxd4 Nf6 5. Nc3 a6 6. h3 g6 7. g4 Bg7 8. Be3
b5 9. Bg2 Bb7 10. g5 Nfd7 11. f4 Nb6 12. h4 e5 13. Nde2 b4 14. Bxb6 Qxb6 15.
Nd5 Qc5 16. Qd3 Bxd5 17. Qxd5 Qxd5 18. exd5 exf4 19. O-O-O Be5 20. Rdf1 Nd7 21.
Nxf4 Bxf4+ 22. Rxf4 a5 23. h5 Ke7 24. Rfh4 Rhf8 25. R1h3 Rac8 26. a3 Rb8 27.
Rc4 Rfc8 28. Rxc8 Rxc8 29. axb4 axb4 30. Rh4 b3 31. c3 Ra8 32. Kb1 Nc5 33. Bf1
Ra7 34. Bb5 Kf8 35. hxg6 Re7 36. Kc1 hxg6 37. Rh8+ Kg7 38. Rd8 Re1+ 39. Kd2 Rb1
40. Ke3 Rxb2 41. Rxd6 Rb1 42. Kd4 b2 43. Kxc5 Rc1 44. c4 b1=Q 45. Rb6 Qf5 46.
Kc6 Qc8+ 47. Kd6 Qd8+ 48. Kc6 Rd1 49. Rb7 Qxg5 50. Rd7 Qe5 51. c5 g5 52. Bc4
Rc1 0-1

[Event "Groningen 2009 - Open A"]
[Site "Groningen NED"]
[Date "2009.12.30"]
[Round "9.24"]
[White "Donker, Roel"]
[Black "Holm, Sejer"]
[Result "1-0"]
[WhiteElo "2140"]
[BlackElo "2256"]
[PlyCount "125"]
[EventDate "2009.12.21"]
[EventType "swiss"]
[EventRounds "9"]
[EventCountry "NED"]
[Source "lmi"]
[SourceDate "2009.12.21"]

1. d4 Nf6 2. Nf3 e6 3. g3 c5 4. Bg2 d5 5. O-O Nc6 6. b3 Be7 7. Bb2 O-O 8. Nbd2
cxd4 9. Nxd4 Qb6 10. Nxc6 bxc6 11. e4 Ba6 12. Re1 Rfd8 13. exd5 cxd5 14. Nf3
Rac8 15. a3 Ne4 16. Qd4 Qxd4 17. Bxd4 Rxc2 18. Bxa7 Ra8 19. Be3 Rb2 20. Nd4 Bf6
21. b4 Nd6 22. Reb1 Rxb1+ 23. Rxb1 Bc4 24. Bf1 Rxa3 25. b5 Bxf1 26. Kxf1 e5 27.
Nb3 d4 28. Bc1 Ra8 29. b6 Nb7 30. Bd2 Bd8 31. Na5 Rb8 32. Nc6 Rc8 33. Na5 Rb8
34. Nc6 Ra8 35. Nxe5 Ra6 36. Nc4 f6 37. Ke2 Kf7 38. Rb5 Ke8 39. Na5 Nxa5 40.
Bxa5 Rxa5 41. Rxa5 Bxb6 42. Ra2 Kf7 43. Kd3 Kg6 44. Ra6 Bc5 45. Ke4 Bf8 46.
Kxd4 Kg5 47. Ra7 Kg6 48. g4 Bd6 49. h3 Bh2 50. Ra5 Bc7 51. Rb5 Bf4 52. Ke4 Bd2
53. f4 Be1 54. Rh5 h6 55. Rb5 Bf2 56. f5+ Kg5 57. Rb7 Kh4 58. Rxg7 Kxh3 59. Kd5
Bh4 60. Ke6 Bg5 61. Rxg5 hxg5 62. Kxf6 Kxg4 63. Ke5 1-0

[Event "Groningen 2009 - Open A"]
[Site "Groningen NED"]
[Date "2009.12.30"]
[Round "9.25"]
[White "Thompson, Ian D"]
[Black "Hirth, Ulrich"]
[Result "1-0"]
[WhiteElo "2266"]
[BlackElo "2108"]
[PlyCount "103"]
[EventDate "2009.12.21"]
[EventType "swiss"]
[EventRounds "9"]
[EventCountry "NED"]
[Source "lmi"]
[SourceDate "2009.12.21"]

1. c4 e5 2. g3 Nf6 3. Bg2 Nc6 4. Nf3 Bc5 5. O-O d6 6. d3 h6 7. Nc3 a6 8. a3 O-O
9. e3 Ba7 10. b3 Ne8 11. d4 Bg4 12. d5 Ne7 13. h3 Bd7 14. Kh2 f5 15. Ng1 g5 16.
f4 Ng6 17. Nge2 Kh7 18. Qe1 Nf6 19. Ra2 Qe7 20. fxe5 dxe5 21. b4 h5 22. c5 h4
23. Rd2 hxg3+ 24. Nxg3 f4 25. Nge4 g4 26. exf4 exf4 27. Rxf4 Kg7 28. Re2 Nxf4
29. Bxf4 Rae8 30. Qd2 Rh8 31. Qd4 gxh3 32. Bf3 Rhf8 33. Ng3 Qf7 34. Be5 Kg8 35.
Qh4 Nh7 36. Bh5 Qf2+ 37. Rxf2 Rxf2+ 38. Kg1 Rg2+ 39. Kf1 Rxe5 40. Qd8+ Nf8 41.
Qf6 Rxh5 42. Nxh5 Rg6 43. Qf4 b6 44. Nf6+ Kg7 45. Nxd7 Nxd7 46. Qxc7 Rf6+ 47.
Kg1 h2+ 48. Qxh2 bxc5 49. Qc7 cxb4+ 50. Qxa7 bxc3 51. Qxd7+ Rf7 52. Qg4+ 1-0

[Event "Groningen 2009 - Open A"]
[Site "Groningen NED"]
[Date "2009.12.30"]
[Round "9.26"]
[White "Lyell, Mark"]
[Black "Potze, Rudolf"]
[Result "1-0"]
[WhiteElo "2245"]
[BlackElo "2132"]
[PlyCount "113"]
[EventDate "2009.12.21"]
[EventType "swiss"]
[EventRounds "9"]
[EventCountry "NED"]
[Source "lmi"]
[SourceDate "2009.12.21"]

1. e4 c5 2. Nc3 e5 3. f4 d6 4. fxe5 dxe5 5. Nf3 Bd6 6. Bc4 Nc6 7. O-O f6 8. a3
Bg4 9. h3 Bh5 10. Ne2 Qd7 11. Ng3 Bf7 12. Bxf7+ Qxf7 13. Nf5 Qd7 14. b4 g6 15.
Nxd6+ Qxd6 16. d3 Nge7 17. Be3 cxb4 18. axb4 Nxb4 19. Nd2 O-O 20. Nc4 Qc7 21.
Qb1 Nbc6 22. Bc5 b6 23. Ba3 Rad8 24. Ne3 Rf7 25. Rf2 Kg7 26. Qa2 Qd7 27. Raf1
f5 28. Qa1 Kg8 29. Nc4 Qe6 30. Bb2 Nd4 31. Qxa7 b5 32. Ne3 f4 33. Ng4 Kg7 34.
Bxd4 Rxd4 35. Rxf4 Nf5 36. Qc5 exf4 37. exf5 Qd6 38. Qxd6 Rxd6 39. f6+ Kf8 40.
Rxf4 Rc7 41. Rf2 Rc5 42. Re2 Rf5 43. Nf2 Rdxf6 44. Kf1 Ra6 45. Ke1 b4 46. Ne4
Ra1+ 47. Kd2 Ra2 48. Ke3 Rf7 49. d4 Ra3+ 50. c3 bxc3 51. Rc2 Rb7 52. Nxc3 Ke7
53. Kd3 Kd6 54. Kc4 Rab3 55. Ne4+ Kc6 56. d5+ Kd7 57. Nc5+ 1-0

[Event "Groningen 2009 - Open A"]
[Site "Groningen NED"]
[Date "2009.12.30"]
[Round "9.27"]
[White "Herwaarden van, Arjen"]
[Black "Cako, Laszlo"]
[Result "1-0"]
[WhiteElo "2162"]
[BlackElo "2155"]
[PlyCount "51"]
[EventDate "2009.12.21"]
[EventType "swiss"]
[EventRounds "9"]
[EventCountry "NED"]
[Source "lmi"]
[SourceDate "2009.12.21"]

1. a3 e5 2. e3 g6 3. d4 exd4 4. exd4 Bg7 5. Nc3 d5 6. Bf4 Ne7 7. Qd2 c6 8. Nf3
Bg4 9. Ne5 Be6 10. h4 h5 11. Be2 Nd7 12. Nxd7 Qxd7 13. Nd1 Nf5 14. c3 b6 15.
Ne3 Nd6 16. f3 a5 17. a4 Bf6 18. Bd3 Kf8 19. Qf2 Re8 20. O-O Kg7 21. Be5 Re7
22. g4 Ne8 23. g5 Bxe5 24. dxe5 d4 25. cxd4 Qxd4 26. Nf5+ 1-0

[Event "Groningen 2009 - Open A"]
[Site "Groningen NED"]
[Date "2009.12.30"]
[Round "9.28"]
[White "Balje, Jan"]
[Black "Rauw, Gert Jan"]
[Result "1-0"]
[WhiteElo "2188"]
[BlackElo "2070"]
[PlyCount "93"]
[EventDate "2009.12.21"]
[EventType "swiss"]
[EventRounds "9"]
[EventCountry "NED"]
[Source "lmi"]
[SourceDate "2009.12.21"]

1. d4 Nf6 2. c4 e6 3. g3 d5 4. Bg2 Be7 5. Nf3 O-O 6. O-O dxc4 7. Qc2 b6 8. Nbd2
Bb7 9. Nxc4 Nbd7 10. Bf4 Nd5 11. Rfd1 Nxf4 12. gxf4 Nf6 13. Nce5 Be4 14. Qc4
Qd6 15. Rac1 Qb4 16. Nc6 Bxc6 17. Qxb4 Bxb4 18. Rxc6 Nd5 19. e3 Bd6 20. Ne5 Ne7
21. Rc2 Rac8 22. Nc4 Rfd8 23. Rdc1 g6 24. Bb7 Rb8 25. Nxd6 cxd6 26. Rc7 Nf5 27.
Ba6 Ra8 28. Bb7 Rab8 29. Ba6 Ra8 30. b4 d5 31. b5 Nd6 32. a4 Nc4 33. Bb7 Rab8
34. Ba6 Ra8 35. Bb7 Rab8 36. Bc6 Kg7 37. Rxa7 Kf6 38. e4 Nd2 39. exd5 Nf3+ 40.
Kg2 Nxd4 41. d6 Rxd6 42. Be4 Ne2 43. Rcc7 Nxf4+ 44. Kf3 Nh3 45. Rxf7+ Ke5 46.
Ke3 Ng5 47. f4# 1-0

[Event "Groningen 2009 - Open A"]
[Site "Groningen NED"]
[Date "2009.12.30"]
[Round "9.29"]
[White "Slagter, David"]
[Black "Vergert ten, Paul"]
[Result "0-1"]
[WhiteElo "2108"]
[BlackElo "2071"]
[PlyCount "76"]
[EventDate "2009.12.21"]
[EventType "swiss"]
[EventRounds "9"]
[EventCountry "NED"]
[Source "lmi"]
[SourceDate "2009.12.21"]

1. e4 c5 2. Nf3 Nc6 3. d4 cxd4 4. Nxd4 Nf6 5. Nc3 e5 6. Ndb5 d6 7. Bg5 a6 8.
Na3 b5 9. Bxf6 gxf6 10. Nd5 f5 11. Bxb5 axb5 12. Nxb5 Ra4 13. b4 Rxb4 14. Nbc7+
Kd7 15. O-O Rg8 16. Nxb4 Nxb4 17. a3 Qxc7 18. axb4 fxe4 19. Qh5 Rg6 20. Qxh7
Ke8 21. Ra8 Qc6 22. Rfa1 e3 23. Qh3 exf2+ 24. Kxf2 Qxc2+ 25. Kg1 f5 26. g3 Bh6
27. R1a3 Ke7 28. R8a7+ Bd7 29. Qf1 Ke6 30. Rxd7 Kxd7 31. Qb5+ Ke7 32. Ra7+ Kf6
33. Qb6 Qd1+ 34. Kf2 Qd2+ 35. Kf1 Qd1+ 36. Kf2 Qd2+ 37. Kf1 Qd3+ 38. Kf2 Qd4+
0-1